[Event "Niedersachsen-ch op B"]
[Site "Verden"]
[Date "2018.01.06"]
[Round "5"]
[White "Bergmann, Reinhold"]
[Black "Ebeling, Hans Juergen"]
[Result "1-0"]
[WhiteElo "1644"]
[BlackElo "1501"]
[PlyCount "119"]
[EventDate "2018.01.04"]
[EventType "swiss"]
[EventRounds "7"]
[EventCountry "GER"]
[SourceTitle "EXT 2022"]
[Source "ChessBase"]
[SourceDate "2021.10.06"]
[SourceVersion "1"]
[SourceVersionDate "2021.10.06"]
[SourceQuality "1"]

1. e4 b6 2. d4 Bb7 3. Nc3 e6 4. Nf3 Bb4 5. Bd3 Nf6 6. e5 Ne4 7. Bd2 Nxd2 8. Qxd2 Be7 9. Be4 Bxe4 10. Nxe4 c5 11. 0-0 0-0 12. d5 exd5 13. Qxd5 Na6 14. Rfd1 Nb4 15. Qd2 Re8 16. c3 Nc6 17. Qxd7 Qxd7 18. Rxd7 Bf8 19. Neg5 Nxe5 20. Nxe5 Rxe5 21. Nxf7 Re2 22. Rb1 Rae8 23. Kf1 Rc2 24. Ng5 Ree2 25. Nh3 g5 26. g4 h6 27. Rxa7 Rxb2 28. Rxb2 Rxb2 29. Ng1 b5 30. a4 bxa4 31. Rxa4 Rc2 32. Rc4 Kf7 33. Nf3 Bd6 34. Kg2 Ke6 35. Ne1 Rd2 36. Kf3 Kd5 37. Re4 Bxh2 38. c4+ Kd6 39. Re8 Kd7 40. Rh8 Rd6 41. Rh7+ Kc6 42. Ng2 Rf6+ 43. Ke2 Re6+ 44. Ne3 Kd6 45. Kd3 Bg1 46. Nf5+ Ke5 47. Ke3 Bh2 48. Rxh6 Bf4+ 49. Kd3 Re8 50. Rd6 Rc8 51. Rd5+ Ke6 52. Ke4 Kf6 53. Kf3 Ke6 54. Ng7+ Kf7 55. Nh5 Kg6 56. Nxf4+ gxf4 57. Kxf4 Rf8+ 58. Rf5 Rc8 59. Ke4 Re8+ 60. Kd5 1-0

[Event "Niedersachsen-ch op B"]
[Site "Verden"]
[Date "2018.01.04"]
[Round "1"]
[White "Bergmann, Reinhold"]
[Black "Maul, Maik Joel"]
[Result "1-0"]
[WhiteElo "1644"]
[BlackElo "1465"]
[PlyCount "63"]
[EventDate "2018.01.04"]
[EventType "swiss"]
[EventRounds "7"]
[EventCountry "GER"]
[SourceTitle "EXT 2022"]
[Source "ChessBase"]
[SourceDate "2021.10.06"]
[SourceVersion "1"]
[SourceVersionDate "2021.10.06"]
[SourceQuality "1"]

1. e4 d5 2. exd5 Qxd5 3. Nf3 Bg4 4. Be2 Nf6 5. 0-0 Nc6 6. h3 Bh5 7. Nc3 Qf5 8. d3 h6 9. Be3 0-0-0 10. a3 e5 11. Nd2 Bxe2 12. Qxe2 g5 13. Nde4 Nd5 14. Nxd5 Rxd5 15. c4 Nd4 16. Qd1 Rd7 17. b4 Qg6 18. Re1 f5 19. Nc3 Ne6 20. Bxa7 g4 21. hxg4 fxg4 22. Nd5 Rg8 23. Be3 g3 24. Qf3 Rdg7 25. Rad1 e4 26. dxe4 gxf2+ 27. Bxf2 Ng5 28. Qg4+ Kb8 29. Kf1 Qa6 30. Qe2 Qg6 31. Nf4 Qf7 32. Rd8# 1-0

[Event "Bremen-ch op"]
[Site "Bremen"]
[Date "2016.03.26"]
[Round "9"]
[White "Bergmann, Reinhold"]
[Black "Seliskar, Henryk"]
[Result "1-0"]
[WhiteElo "1860"]
[BlackElo "1540"]
[PlyCount "97"]
[EventDate "2016.03.19"]
[EventType "swiss"]
[EventRounds "9"]
[EventCountry "GER"]
[SourceTitle "EXT 2018"]
[Source "ChessBase"]
[SourceDate "2017.10.13"]
[SourceVersion "1"]
[SourceVersionDate "2017.10.13"]
[SourceQuality "1"]

1. e4 c5 2. Nf3 d6 3. d4 cxd4 4. Qxd4 Nc6 5. Bb5 Bd7 6. Bxc6 Bxc6 7. c4 Nf6 8. Nc3 g6 9. 0-0 Bg7 10. Qd3 0-0 11. Re1 a6 12. Rb1 Qc7 13. Bg5 Rfe8 14. Rbc1 Rac8 15. b3 h6 16. Bd2 Kh7 17. h3 a5 18. Rcd1 Nd7 19. Nd5 Bxd5 20. Qxd5 Rf8 21. Bxa5 b6 22. Bb4 Ra8 23. Re2 Nc5 24. Qd2 Ra6 25. Qf4 Qa7 26. Bxc5 dxc5 27. a4 Qb7 28. Red2 Qa8 29. Rd7 Ra7 30. e5 Rxd7 31. Rxd7 Qe8 32. Qd2 e6 33. Qd6 Qb8 34. Qxb8 Rxb8 35. Rxf7 Rd8 36. Rb7 Rd3 37. Rxb6 Bf8 38. Rb7+ Kg8 39. Nh4 g5 40. Ng6 Rd1+ 41. Kh2 Re1 42. Rb8 Kg7 43. Nxf8 Rxe5 44. Nd7 Rf5 45. f3 Kf7 46. Rb7 Ke8 47. a5 Kd8 48. a6 Kc8 49. Nb6+ 1-0

[Event "Niedersachsen-ch op-B"]
[Site "Verden"]
[Date "2012.01.04"]
[Round "6"]
[White "Bergmann, Reinhold"]
[Black "Duessler, Stefanie"]
[Result "0-1"]
[WhiteElo "1897"]
[BlackElo "1934"]
[PlyCount "70"]
[EventDate "2012.01.02"]
[EventType "swiss"]
[EventRounds "7"]
[EventCountry "GER"]
[SourceTitle "EXT 2021"]
[Source "ChessBase"]
[SourceDate "2020.10.23"]
[SourceVersion "1"]
[SourceVersionDate "2020.10.23"]
[SourceQuality "1"]

1. e4 e6 2. d4 d5 3. Nd2 Nf6 4. e5 Nfd7 5. Bd3 c5 6. c3 Nc6 7. Ne2 cxd4 8. cxd4 f6 9. exf6 Qxf6 10. Nf3 h6 11. a3 Bd6 12. Be3 0-0 13. 0-0 Rd8 14. Rc1 Nf8 15. Bb1 Bd7 16. Re1 Be8 17. Qd2 Bh5 18. Ng3 Bg6 19. Bxg6 Nxg6 20. Nh5 Qf7 21. Bxh6 gxh6 22. Qxh6 Bf8 23. Qg5 Qf5 24. Rxe6 Qxe6 25. Re1 Qf7 26. Nf6+ Kg7 27. Nh5+ Kh8 28. Nf6 Re8 29. Qh5+ Kg7 30. Nxe8+ Rxe8 31. Rxe8 Qxe8 32. h4 Qe4 33. g3 Be7 34. Ng5 Bxg5 35. Qxg5 Nxd4 0-1

[Event "Bremen-ch op"]
[Site "Delmenhorst"]
[Date "2011.04.23"]
[Round "5"]
[White "Schwenteck, Peter"]
[Black "Bergmann, Reinhold"]
[Result "1-0"]
[WhiteElo "1882"]
[BlackElo "1918"]
[PlyCount "51"]
[EventDate "2011.04.16"]
[EventType "swiss"]
[EventRounds "9"]
[EventCountry "GER"]
[SourceTitle "EXT 2012"]
[Source "ChessBase"]
[SourceDate "2011.11.24"]
[SourceVersion "1"]
[SourceVersionDate "2011.11.24"]
[SourceQuality "1"]

1. d4 Nf6 2. g3 g6 3. Bg2 Bg7 4. c4 d6 5. Nf3 0-0 6. 0-0 Nbd7 7. Qb3 c5 8. Nc3 cxd4 9. Nxd4 Nc5 10. Qc2 Qb6 11. Nf3 Be6 12. Be3 Qc7 13. Nb5 Qc8 14. Nfd4 Ng4 15. Bg5 Bxd4 16. Nxd4 f6 17. Nxe6 Nxe6 18. Bd2 Nd4 19. Qe4 Qxc4 20. Kh1 Ne5 21. Rfc1 Qa4 22. b3 f5 23. Qd5+ e6 24. Qxd6 Nf7 25. Qxf8+ Rxf8 26. bxa4 1-0

[Event "Bremen-ch op"]
[Site "Delmenhorst"]
[Date "2011.04.17"]
[Round "2"]
[White "Bergmann, Reinhold"]
[Black "Pahlau, Janine"]
[Result "1-0"]
[WhiteElo "1918"]
[BlackElo "1099"]
[PlyCount "75"]
[EventDate "2011.04.16"]
[EventType "swiss"]
[EventRounds "9"]
[EventCountry "GER"]
[SourceTitle "EXT 2012"]
[Source "ChessBase"]
[SourceDate "2011.11.24"]
[SourceVersion "1"]
[SourceVersionDate "2011.11.24"]
[SourceQuality "1"]

1. e4 e5 2. Nf3 Nc6 3. Bb5 d6 4. 0-0 Bd7 5. Re1 a6 6. Ba4 Nf6 7. c3 Be7 8. d4 exd4 9. cxd4 0-0 10. Nc3 b5 11. Bc2 b4 12. Ne2 Bg4 13. Qd3 g6 14. h3 Bxf3 15. Qxf3 Na5 16. b3 c5 17. Bb2 c4 18. Rad1 c3 19. Bc1 Nc6 20. e5 Rc8 21. exf6 Bxf6 22. d5 Ne5 23. Qf4 Bg7 24. Qxb4 a5 25. Qa4 Nd7 26. Nd4 Nc5 27. Qa3 Ra8 28. Nc6 Qc7 29. Re7 Qb6 30. Be3 Rfe8 31. Bxc5 dxc5 32. Rde1 Rxe7 33. Nxe7+ Kf8 34. Qa4 Re8 35. Qxe8+ Kxe8 36. Nc8+ Kd8 37. Nxb6 f5 38. Nc4 1-0

[Event "Niedersachsen-ch op"]
[Site "Verden"]
[Date "2011.01.03"]
[Round "4"]
[White "Bergmann, Reinhold"]
[Black "Hoellmann, Ludger"]
[Result "0-1"]
[WhiteElo "1916"]
[BlackElo "2203"]
[PlyCount "82"]
[EventDate "2011.01.02"]
[EventType "swiss"]
[EventRounds "7"]
[EventCountry "GER"]
[SourceTitle "EXT 2018"]
[Source "ChessBase"]
[SourceDate "2017.10.13"]
[SourceVersion "1"]
[SourceVersionDate "2017.10.13"]
[SourceQuality "1"]

1. e4 d5 2. exd5 Qxd5 3. Nc3 Qa5 4. d4 c6 5. Nf3 Nf6 6. Bd3 Bg4 7. h3 Bh5 8. 0-0 e6 9. Be3 Nbd7 10. Ne4 Be7 11. c4 0-0 12. a3 Rfd8 13. Qe2 Nxe4 14. Bxe4 Nf6 15. Bc2 b5 16. g4 Bg6 17. Ne5 Bxc2 18. Nxc6 Qc7 19. Nxe7+ Qxe7 20. Qxc2 bxc4 21. Qxc4 Nd5 22. Qe2 a5 23. Rac1 h6 24. Bd2 a4 25. Rfe1 Rdb8 26. Rc2 Rb3 27. Be3 Rab8 28. Rec1 Kh7 29. Re1 Qf6 30. Kg2 Qg6 31. Bc1 R8b6 32. Kh2 Rd3 33. Rd1 Rxd1 34. Qxd1 Rb3 35. Re2 Qf6 36. Qc2+ g6 37. Qe4 Qh4 38. Qg2 Rd3 39. Be3 Qe7 40. Qe4 Rb3 41. Bc1 Qc7+ 0-1

[Event "Enger Knappen Cup op-B"]
[Site "Enger"]
[Date "2009.12.29"]
[Round "5"]
[White "Bergmann, Reinhold"]
[Black "Milonas, Konstantinos"]
[Result "0-1"]
[WhiteElo "1929"]
[BlackElo "1735"]
[PlyCount "86"]
[EventDate "2009.12.27"]
[EventType "swiss"]
[EventRounds "7"]
[EventCountry "GER"]
[SourceTitle "EXT 2011"]
[Source "ChessBase"]
[SourceDate "2010.11.26"]
[SourceVersion "1"]
[SourceVersionDate "2010.11.26"]
[SourceQuality "1"]

1. e4 c5 2. Nf3 d6 3. d4 cxd4 4. Qxd4 Nc6 5. Bb5 Bd7 6. Bxc6 Bxc6 7. c4 Nf6 8. Nc3 e6 9. 0-0 Be7 10. Re1 0-0 11. b4 a6 12. b5 axb5 13. cxb5 Bd7 14. e5 dxe5 15. Nxe5 Qc7 16. Nxd7 Nxd7 17. Bf4 Qc8 18. Ne4 Nf6 19. a4 Rd8 20. Qb2 Nxe4 21. Rxe4 Bf6 22. Be5 Bxe5 23. Qxe5 Rd5 24. Qb2 Qd7 25. Ree1 Rd2 26. Qe5 Rd8 27. h3 h6 28. Rec1 Rd5 29. Qe2 e5 30. Ra2 Qe6 31. Rac2 e4 32. Rc7 Rd2 33. Qe3 R8d3 34. Qf4 g5 35. Rc8+ Kg7 36. Qb8 e3 37. Rg8+ Kf6 38. fxe3 Qxe3+ 39. Kh1 Rd1+ 40. Rxd1 Rxd1+ 41. Kh2 Qg1+ 42. Kg3 Rd3+ 43. Kg4 Qxg2+ 0-1